La matemática: su contenido, métodos y significado

Uloženo v:
Podrobná bibliografie
Hlavní autoři: Aleksandrov, Aleksandr Danílovich (Autor), Kolmogórov, Andréi Nikolaevich (Autor), Laurentiev, M. A (Autor)
Médium: Kniha
Jazyk:španělština
Vydáno: Madrid Alianza 1973
Edice:Alianza Universidad
Témata:
Tagy: Přidat tag
Žádné tagy, Buďte první, kdo vytvoří štítek k tomuto záznamu!

MARC

LEADER 00000nam a2200000 a 4500
001 UCT2909
003 CL-VaPUC
008 961018e19730000SP |||||||||||||||||spa|d
082 0 4 |a 510  |b ALE  |2 21 
100 0 |a Aleksandrov, Aleksandr Danílovich  |e author  |9 371916 
700 |a Kolmogórov, Andréi Nikolaevich  |e author  |9 564643 
700 |a Laurentiev, M. A  |e author  |9 371918 
245 1 3 |a La matemática: su contenido, métodos y significado 
300 |a 3 v 
942 |c BK 
945 |d 19961018 00:00:00  |a nastorga 
260 |a Madrid  |b Alianza  |c 1973 
650 0 |a Matemática  |9 260235 
650 0 |a Aritmética   |9 270049 
650 0 |a Geometría   |9 264063 
650 0 |a Álgebra lineal   |9 260445 
650 0 |a Ecuaciones diferenciales  |9 260083 
650 0 |a Funciones   |9 263869 
650 0 |a Números   |9 265328 
650 0 |a Teoría de probabilidades   |9 336944 
650 0 |a Cálculo  |9 260234 
650 0 |a Variables  |9 338106 
650 0 |a Topología   |9 260092 
583 |a last modification  |c 20190805 08:58:52  |k Rodrigo Vera 
490 0 |a Alianza Universidad 
999 |c 252798  |d 252796